Základy geologie a petrografie pro stavební fakulty

Uložené v:
Podrobná bibliografia
Hlavní autori: Záruba, O. (Autor), Vachtl, Josef (Autor), Pokorný, Miroslav (Autor)
Médium: Kniha
Jazyk:Czech
Vydavateľské údaje: Praha : SNTL, 1974
Tagy: Pridať tag
Žiadne tagy, Buďte prvý, kto otaguje tento záznam!

MARC

LEADER 00000nam a22000003a 4500
001 stu197460
005 20150617230036.3
008 091221s1974----cs------------------cze-d
040 |a STU  |b slo 
041 0 |a cze 
044 |a cs 
080 |a 550.8 
080 |a 552  |7 stu_us_auth*stu5479 
100 1 |a Záruba, O.  |4 aut 
245 1 |a Základy geologie a petrografie pro stavební fakulty 
260 |a Praha :  |b SNTL,  |c 1974 
300 |a 375 s 
700 1 |a Vachtl, Josef  |4 aut 
700 1 |a Pokorný, Miroslav  |4 aut 
996 |b 284V035576  |c V*10187/O-2298  |l VVS  |s A  |a 24  |w stu197460_0001 
996 |b 284V035575  |c V*10188/O-2298a  |l VVS  |s A  |a 24  |w stu197460_0002